Foreign footballers in PL #14 Wolverhampton Wanderers F.C. - Statistics

General Stats
  • This quiz has been taken 17 times
  • The average score is 4 of 10
Answer Stats
Nationality Footballer % Correct
Ivory Coast Willy Boly
64%
Mali Bakary Sako, Tongo Doumbia, Nouha Dicko
57%
Wales David Edwards, Jake Cassidy, Lee Evans, Sam Ricketts, Aaron Collins
50%
France Jérémy Hélan, Sylvain Deslandes, Rayan Aït Nouri
50%
Scotland Kevin McDonald, Jack Ruddy, Barry Douglas
43%
Netherlands Rajiv van La Parra, Ola John, Paul Gladon, Ki-Jana Hoever
36%
Democratic Republic of the Congo Benik Afobe
29%
Nigeria Carl Ikeme, Bright Enobakhare
29%
Iceland Björn Sigurdarson, Jón Dadi Bödvarsson
14%
Northern Ireland George Saville
7%
No matching quizzes found
Score Distribution
Percent of People with Each Score
Percentile by Number Answered
Your Score History
You have not taken this quiz